|
|
|
|
| LEADER |
01183nam a2200241 u 4500 |
| 001 |
10048236 |
| 003 |
GR-PaULI |
| 005 |
20250227063449.0 |
| 008 |
030926s1987 gr gre |
| 040 |
|
|
|a GR-PaULI
|c GR-PaULI
|b gre
|e AACR2
|
| 082 |
0 |
4 |
|a 371.148
|2 23
|
| 100 |
1 |
|
|a Κανάκης, Ιωάννης Ν.
|e συγγραφέας.
|9 39766
|
| 245 |
1 |
2 |
|a Η οργάνωση της διδασκαλίας-μάθησης με ομάδες εργασίας :
|b θεωρητική θεμελίωση και πρακτική εφαρμογή /
|c Ιωάννης Ν. Κανάκης.
|
| 260 |
|
|
|a Αθήνα :
|b [χ.ό.],
|c 1987.
|
| 300 |
|
|
|a 255 σ. ;
|c 21 εκ.
|
| 504 |
|
|
|a Περιλαμβάνει βιβλιογραφικές παραπομπές και ευρετήριο.
|
| 650 |
|
0 |
|a Διδασκαλία
|9 652
|
| 650 |
|
4 |
|a Ομαδική εργασία στην εκπαίδευση
|x
|9 114154
|
| 650 |
|
4 |
|9 291
|a Μάθηση
|
| 942 |
|
|
|2 ddc
|c BK15
|
| 952 |
|
|
|0 0
|1 0
|2 ddc
|4 0
|6 371_148000000000000_ΚΑΝ
|7 0
|9 219259
|a LISP
|b LISP
|c BSC
|d 2018-01-24
|i 062658
|l 0
|o 371.148 ΚΑΝ
|p 025000235277
|r 2018-01-24 00:00:00
|t 1
|w 2018-01-24
|y BK15
|
| 998 |
|
|
|c ΜΠΟΥΡΑΣ
|d 2018-01
|
| 999 |
|
|
|c 132688
|d 132688
|